000
00269nam a22001217a 4500
041
_a
ENG
100
_a
Sharma.B.R
245
_a
Utilsation Of Electrical Energy
260
_a
Delhi
_b
Satya Prakashan
_c
1998
300
_a
334
650
_a
EOES
856
_u
EOES ( 14 )
999
_c
1108
_d
1108